Champion de NBA - Statistiques

Statistiques générales
  • Ce quiz a été pris 353 fois
  • Le résultat moyen est 53 sur 74
Statistiques - réponses
Année Equipe % Correct
1972 Los Angeles Lakers
98%
1980 Los Angeles Lakers
98%
1982 Los Angeles Lakers
98%
1985 Los Angeles Lakers
98%
1987 Los Angeles Lakers
98%
1988 Los Angeles Lakers
98%
2000 Los Angeles Lakers
98%
2001 Los Angeles Lakers
98%
2002 Los Angeles Lakers
98%
2009 Los Angeles Lakers
98%
2010 Los Angeles Lakers
98%
2020 Los Angeles Lakers
98%
1957 Boston Celtics
92%
1959 Boston Celtics
92%
1960 Boston Celtics
92%
1961 Boston Celtics
92%
1962 Boston Celtics
92%
1963 Boston Celtics
92%
1964 Boston Celtics
92%
1965 Boston Celtics
92%
1966 Boston Celtics
92%
1968 Boston Celtics
92%
1969 Boston Celtics
92%
1974 Boston Celtics
92%
1976 Boston Celtics
92%
1981 Boston Celtics
92%
1984 Boston Celtics
92%
1986 Boston Celtics
92%
2008 Boston Celtics
92%
1991 Chicago Bulls
87%
1992 Chicago Bulls
87%
1993 Chicago Bulls
87%
1996 Chicago Bulls
87%
1997 Chicago Bulls
87%
1998 Chicago Bulls
87%
2006 Miami Heat
83%
2012 Miami Heat
83%
2013 Miami Heat
83%
1975 Golden State Warriors
81%
2015 Golden State Warriors
81%
2017 Golden State Warriors
81%
2018 Golden State Warriors
81%
1999 San Antonio Spurs
80%
2003 San Antonio Spurs
80%
2005 San Antonio Spurs
80%
2007 San Antonio Spurs
80%
2014 San Antonio Spurs
80%
2016 Cleveland Cavaliers
76%
2019 Toronto Raptors
74%
2011 Dallas Mavericks
70%
1989 Detroit Pistons
69%
1990 Detroit Pistons
69%
2004 Detroit Pistons
69%
1994 Houston Rockets
67%
1995 Houston Rockets
67%
1971 Milwaukee Bucks
60%
1970 New York Knicks
59%
1973 New York Knicks
59%
1979 Seattle SuperSonics
37%
1977 Portland Trail Blazers
36%
1967 Philadelphia 76ers
34%
1983 Philadelphia 76ers
34%
1978 Washington Bullets
29%
1949 Minneapolis Lakers
19%
1950 Minneapolis Lakers
19%
1952 Minneapolis Lakers
19%
1953 Minneapolis Lakers
19%
1954 Minneapolis Lakers
19%
1958 Saint Louis Hawks
16%
1948 Baltimore Bullets
15%
1947 Philadelphia Warriors
14%
1956 Philadelphia Warriors
14%
1951 Rochester Royals
6%
1955 Syracuse Nationals
6%
Aucun quiz correspondant
Distribution des résultats
% des personnes avec chaque résultat
Percentile par nombre de réponses
Votre historique - résultats
Vous n’avez pas pris ce quiz